Länder Europas in 3 Minuten. - Statistiken

Allgemein
  • Dieses Quiz wurde 2.412 mal gespielt
    2.405 seit der letzten Aktualisierung
  • Das Durchschnittsergebnis liegt bei 35 aus 46
Antwortstatistiken
Land % Korrekt
Deutschland
96%
Spanien
92%
Frankreich
89%
Portugal
88%
Schweden
88%
Belgien
86%
Finnland
86%
Schweiz
86%
Polen
85%
Italien
84%
Norwegen
84%
Österreich
84%
Niederlande
83%
Russland
83%
Lettland
82%
Luxemburg
82%
Dänemark
81%
Estland
81%
Albanien
80%
Griechenland
77%
Kroatien
77%
Litauen
77%
Slowakei
77%
Slowenien
77%
Tschechien
77%
Ukraine
77%
Serbien
76%
Irland
75%
Andorra
74%
Bulgarien
74%
Island
74%
Ungarn
72%
Bosnien und Herzegowina
71%
Kosovo
71%
Rumänien
70%
Vatikanstaat
70%
Großbritannien
68%
Monaco
67%
San Marino
67%
Malta
65%
Weißrussland
64%
Montenegro
63%
Liechtenstein
61%
Moldawien
58%
Mazedonien
57%
Zypern
41%
Keine übereinstimmenden Quizze gefunden
Verteilung der Resultate
Anzahl Personen mit jedem Resultat
Perzentil nach korrekt beantworteten Fragen
Ihre Resultats-Entwicklung
Sie haben dieses Quiz seit der letzten Aktualisierung nicht gespielt